000 00691nam a2200217 a 4500
005 20240210063608.0
008 140401s2005 mx r 000 0 spa d
020 _a9706831231
035 _aUPN01000196735
049 _aI
050 4 _aPN6366
_bS4.7
245 0 1 _a¿Será melón?, ¿será sandía? /
_ccomp. María Teresa Miaja de la Peña ; il. Valeria Gallo.
260 _aMéxico :
_bArtes de México,
_c2005.
300 _a31 p. :
_bprincipalmente il. col.
440 0 _aLibros del Alba
650 4 _aAdivinanzas
_9114
650 7 _aLibros ilustrados para niños
_2
_921365
700 1 _aMiaja, María Teresa,
_ecomp.
_935491
700 1 _aGallo, Valeria,
_eil.
905 _aInfantil
999 _c168836
_d168836